00463nam a22001457a 4500003000400000008004100004082002000045100001900065245012900084260003200213300000900245502001500254650003100269650001700300OSt260429b |||||||| |||| 00| 0 eng d a635.93424bS11E aSah, Kapil Dev aEffect of Levels of Nitrogen and Spacing of Growth, Flowering Corm Yield and Shelf Life of Gladiolus (Gladiolus Gandavensis) aPusa, SamastipurbRAUc2003 a59P. bMsc.d2003 aVegetable and Floriculture aHorticulture